000 00307pab a2200133 454500
008 180718b2004 xxu||||| |||| 00| 0 eng d
100 _aAndreozzi, Luciano
245 _aA note on paradoxes in economics
260 _c2004
300 _ap.3-20.
650 _aEconomics
773 _aKyklos
909 _a61104
999 _c61104
_d61104